Statistics for Countries Visited by Godzilla

Click here to take the quiz!

General Stats

  • This quiz has been taken 51 times
    (3 since last reset)
  • The average score is 12 of 17

Answer Stats

Times VisitedMost Recent MovieAnswer% Correct
2Godzilla X Kong: The New EmpireBrazil
100%
2Godzilla vs KongChina
100%
1Godzilla X Kong: The New EmpireEgypt
100%
36Godzilla Minus One
Monarch: Legacy of Monsters
Japan
100%
1Godzilla: King of the MonstersMexico
100%
8Godzilla vs Kong
Monarch: Legacy of Monsters
United States
100%
1Godzilla Final WarsAustralia
67%
2*Godzilla X Kong: The New EmpireFrance
67%
1Monarch: Legacy of Monsters (Off Screen)Indonesia
67%
1Godzilla X Kong: The New EmpireItaly
67%
1Godzilla Final WarsPapua New Guinea
67%
1Godzilla X Kong: The New EmpireSpain
67%
1Godzilla X Kong: The New Empire (Overseas Territory)United Kingdom (Gibraltar)
67%
1Monarch: Legacy of MonstersAlgeria
33%
1Godzilla (1998) (Off Screen)Jamaica
33%
2Godzilla Minus One
Monarch: Legacy of Monsters
Marshall Islands
33%
1Godzilla (1998) (Off Screen)Panama
33%

Score Distribution

Percentile by Number Answered

Percent of People with Each Score

Your Score History

You have not taken this quiz since the last reset